| 000 | 01160nam a22002535a 4500 | ||
|---|---|---|---|
| 003 | OSt | ||
| 005 | 20170309132750.0 | ||
| 008 | 170307s2003 ua frb 000 0 ara d | ||
| 015 | _a2003 / 10401 | ||
| 020 | _a977170852X | ||
| 040 |
_aEG-ScBUE _bara _cEG-ScBUE |
||
| 043 | _af-ua--- | ||
| 082 | 0 | 4 |
_a346.62077 _bإ س م _222 |
| 100 | 1 | _aإسماعيل، فاروق. | |
| 245 | 1 | 0 |
_aكيف تحمي أموالك عن طريق الدعوى البوليصية ؟ / _cفاروق إسماعيل. |
| 260 |
_aالقاهرة : _bفاروق إسماعيل، _c[2003] |
||
| 300 |
_a56 ص. ؛ _c24 سم. |
||
| 504 | _aيشتمل على إرجاعات ببليوجرافية. | ||
| 505 | 0 | _aنصوص القانون الحالي في الدعوى البوليصية - شرح شروط قبول الدعوى - شرح آثار الدعوى - سقوط الدعوى - أحكام النقض في الدعوى البوليصية - صيغتان لصحيفة الدعوى البوليصية. | |
| 650 | 7 |
_aالمدينون والدائنون _xوضع قانوني، قوانين، إلخ. _zمصر. _2BUEsh |
|
| 651 | _2BUEsh | ||
| 653 |
_bLLAAWW _cMarch2017 |
||
| 942 | _2ddc | ||
| 999 |
_c24357 _d24329 |
||